• 首页
  • 本馆介绍
  • 公告通知
  • 最新文献
  • 馆藏检索
  • 电子资源
  • 读者导购
  • 参考咨询
  • 我的图书馆
  • 登录
  • 详细信息显示
  • 放入我的书架
  • 预约/预借图书
  • 作者相关作品
  • 分类相关作品
  • 丛书相关作品
  • 出版社相关作品

书目信息

  • 表格格式
  • 工作单格式
  • 卡片格式
题名:
电影与文学改编
    
 
作者: 马赛尔 , 克莱尔 著 ;刘芳 译
分册:  
出版信息: 北京   文化艺术出版社  2005
页数: 271页
开本: 23cm
丛书名: 电影丛书
单 册:
中图分类: I053.5
科图分类:
主题词: 电影改编
电子资源:
ISBN: 7-5039-2643-0
000 01415nam0 2200361 450
000 01378nam0 2200349 450
000 01376nam0 2200361 450
000 01322nam0 2200337 450
000 01340nam0 2200325 450
000 01303nam0 2200313 45
001 TS2006046628
005 20070106102413.89
010    @a7-5039-2643-0@dCNY30.00
100    @a20060829d2005 em y0chiy0110 ea
101 1  @achi@cfre
102    @aCN@b110000
105    @aa z 000yy
200 1  @a电影与文学改编@ADian Ying Yu Wen Xue Gai Bian@f(法)莫尼克·卡尔科-马赛尔,(法)让娜-玛丽·克莱尔著@F( Fa ) Mo Ni Ke· Ka Er Ke - Ma Sai Er, ( Fa ) Rang Na - Ma Li· Ke Lai Er Zhu@g刘芳译
210    @a北京@c文化艺术出版社@d2005
215    @a271页@c照片@d23cm
225 2  @a电影丛书
305    @a陈丰版权代理
330    @a本书分上下两编,上编从文学作品到电影,包括法国电影改编的历史发展、电影改编作家对图像和语言差别的认识、关于改编的社会批评理论等问题;下编从电影到文学作品:后现代的面貌,讨论了“电影小说是什么”、带有电影视觉效果的小说等问题。
410  0 @12001 @a电影丛书
606 0  @a电影改编
690    @aI053.5@v4
701  1 @a马赛尔@AMa Sai Er@b莫尼克·卡尔科@4著
701  1 @a克莱尔@AKe Lai Er@4著
702  0 @a刘芳@ALiu Fang@4译
801  0 @aCN@b中图数据@c20070106
905    @a10447@dI053.5@e163
    
    电影与文学改编/(法)莫尼克·卡尔科-马赛尔,(法)让娜-玛丽·克莱尔著/刘芳译.-北京:文化艺术出版社,2005
    271页:照片;23cm.-(电影丛书)
    
    
    ISBN 7-5039-2643-0:CNY30.00
    本书分上下两编,上编从文学作品到电影,包括法国电影改编的历史发展、电影改编作家对图像和语言差别的认识、关于改编的社会批评理论等问题;下编从电影到文学作品:后现代的面貌,讨论了“电影小说是什么”、带有电影视觉效果的小说等问题。
●
相关链接 在E读中查询图书 在五车中查询图书 在当当中查询图书 在豆瓣中查询图书


正题名:电影与文学改编     索取号:I053.5/163         预约/预借

序号 登录号 条形码 馆藏地/架位号 状态 备注
1 0614288   206142887   第一样本阅览室/ [索取号:I053.5/163] 在馆    
2 0614289   206142896   第二借阅区/ [索取号:I053.5/163] 在馆    
3 0614290   206142903   第二借阅区/ [索取号:I053.5/163] 在馆    
4 0614291   206142912   第二借阅区/ [索取号:I053.5/163] 在馆    
5 0614292   206142921   第二借阅区/ [索取号:I053.5/163] 在馆    
唐山师范学院图书馆 欢迎您!
大连网信软件有限公司© 版权所有